000 00564nam a22001937a 4500
003 KOHA_MİRAKIL
005 20250421142759.0
008 250421b tu ||||| |||| 00| 0 tur d
020 _a9786256910560
040 _aTR-AnABB
_btur
_cTR-AnABB
041 _atur
082 _a818.993603
_bRIZ 2023
100 1 _aRızayev, Anar,
245 1 0 _aBeş katlı apartmanın altıncı katı /
_cAnar Rızavey
260 _aİstanbul :
_bKetebe Yayınları,
_c2023
300 _a444 sayfa ;
_c23 cm
650 0 4 _aAzarbeycan edebiyatı, roman
942 _2ddc
_cBK
999 _c8797
_d8797
900 _bGizem YORULMAZ